00544nam a2200181Ia 4500003000400000005001700004008004100021020003000062040001700092082002000109100002200129245011400151250001100265260003000276300002000306650001700326700001900343IIN20240102121900.0231217s9999 xx 000 0 und d cRs.1535.00a9788131262535 aIINbEnglish a572.3 b SAT10aSatyanarayana, U.1 aBiochemistrybWith Biomedical Concepts Clinical Correlates & Case StudiescU. Satyanarayana and U. Chakrapani a5th ed bElsevieraNew Delhic2020 axiv, [1] 773 p.1 aBiochemistry10aChakrapani, U.